000 01536nam a2200289 4500
003 EC-UNACH
005 20250929134159.0
006 s||||gr|||| 00| 00
008 150116t9999 mx r gr 000 0 spa d
020 _a978-1-61177-757-4
040 _aEC-UNACH
_cEC-UNACH
041 _aspa
082 0 4 _223
_a929
_bL018281
100 _aL. RONALD HUBBARD
245 _aPrimeros años de aventura las cartas y diarios
250 _aPrimera Edición
264 _aEstados Unidos
_bBRIDGE PUBLICATIONS
_c2012
300 _a181 páginas
505 _a"Crónica de la extraordinaria vida y la inmensa magnitud de los viajes de L. Ronald Hubbard. Detallando los logros del Sr. Hubbard junto con un sinnúmero de lugares que visitó; y todo contado a través de una multitud de documentos de archivo e imágenes nunca antes vistas. Conoce a L. Ronald Hubbard —la vida, el legado, el hombre— con los relatos más profundos, exhaustivos y personales de su extraordinaria vida que se hayan recopilado nunca. 1. Primeros años de aventura. 2. Las primeras cartas y diarios de L. Ronald Hubbard. 3. Comentario inicial acerca de la aventura. 4. Diarios de Asia. 5. Diarios de Montana. 6. El segundo diario de Asia. 7. Las cartas del Caribe. 8. Carta desde el interior. 9. Epílogo."
650 _aFILÁNTROPO - BIOGRAFÍA
650 _aFILÓSOFO - ARTISTA
650 _aVIDA - LOGROS
942 _2ddc
_c1
999 _c13932